Fundamentos de ingeniería Web aplicados en el sitio Web de la facultad de ingeniería Química
Contiene una introducción a la nueva extensión de la ingeniería del software, la ingeniera Web. Aborda conceptos básicos y metodológicos aplicados al desarrollo del software en esta nueva área de estudio, además muestra la aplicación práctica del contenido teórico incorporando la documenta...
| Main Author: | |
|---|---|
| Other Authors: | |
| Format: | Tesis Section = Libro |
| Language: | Undetermined Spanish |
| Published: |
Managua
UNI
2005
|
| Subjects: |
| LEADER | 01319nam a2200241Ia 4500 | ||
|---|---|---|---|
| 008 | 240830s9999 xx 000 0 und d | ||
| 040 | |a CEDOC DACA-RUSB / Mon 005.1 E77 | ||
| 041 | |a spa | ||
| 082 | |a Mon 005.1 E77 | ||
| 100 | 1 | |a Espinoza López, Erick Antonio | |
| 245 | 1 | 0 | |a Fundamentos de ingeniería Web aplicados en el sitio Web de la facultad de ingeniería Química |
| 260 | |a Managua |b UNI |c 2005 | ||
| 300 | |a 152 p. :il | ||
| 502 | |a Tesis (Ingeniero en Computación) -UNI, 2005. | ||
| 520 | 3 | |a Contiene una introducción a la nueva extensión de la ingeniería del software, la ingeniera Web. Aborda conceptos básicos y metodológicos aplicados al desarrollo del software en esta nueva área de estudio, además muestra la aplicación práctica del contenido teórico incorporando la documentación de los sistemas de administración Web y del centro de documentación de la facultad de Ingeniería químicaPresenta análisis, diseño e implementación de un sistema de información que permita automatizar. | |
| 650 | 7 | |a INGENIERIA DE SOFTWARE WEB FIQ | |
| 650 | 7 | |b DESARROLLO DE SOFTWARE. | |
| 650 | 7 | |c METODOLOGIA RUP INGENIERIA WEB. | |
| 650 | 7 | |d SISTEMA DE ADMINISTRACION WEB-FIQ | |
| 700 | 1 | |a Tutor: |b Barrios Aguirre, Glenda | |
| 942 | |c BK |2 ddc | ||
| 991 | |a TESIS | ||
| 999 | |c 26126 | ||